000 00497nam a2200169 i 4500
001 189653
003 ES-MaACL
005 20230906223525.0
008 190828s1958 sp |||| | spa d
100 0 _aAmorós, José Luis.
_921315
245 1 0 _aCristalofísica /
_cJosé Luis Amorós.
260 _aMadrid :
_bAguilar,
_c1958.
300 _a1 v. ;
_c22 cm.
505 8 _aContiene: I. Propiedades continuas.- XVIII, 233 pág.
650 0 4 _aCristalografía.
_911424
852 _aES-MaACL
_jP-733
999 _c189653
_d189653